[Event "Titled Tuesday 23rd Mar"]
[Site "chess.com INT"]
[Date "2021.03.23"]
[Round "10"]
[White "Brankovic, De"]
[Black "Shahade, G."]
[Result "1-0"]
[WhiteElo "2312"]
[BlackElo "2476"]
[PlyCount "93"]
[EventDate "2021.03.23"]
[SourceTitle "The Week in Chess 1377"]
[Source "Mark Crowther"]
[SourceDate "2021.03.29"]
[SourceVersion "1"]
[SourceVersionDate "2021.03.29"]
[SourceQuality "2"]

1. e4 e5 2. Nf3 Nc6 3. c3 d5 4. Qa4 f6 5. Bb5 Nge7 6. exd5 Qxd5 7. O-O e4 8.
Nd4 Bd7 9. Nxc6 Bxc6 10. Bxc6+ Qxc6 11. Qxc6+ Nxc6 12. Re1 f5 13. d3 O-O-O 14.
dxe4 fxe4 15. Nd2 Ne5 16. Nxe4 Nd3 17. Rd1 Be7 18. b3 Nxc1 19. Raxc1 Rhe8 20.
f3 a5 21. Kf1 b6 22. Ke2 Bd6 23. g3 Be5 24. Rxd8+ Rxd8 25. Rd1 Re8 26. Rd3 g5
27. Ke3 h6 28. f4 gxf4+ 29. gxf4 Bf6 30. Kf3 Be7 31. f5 Rg8 32. Rd2 Rg1 33. Kf4
Rf1+ 34. Ke5 Kb7 35. f6 Ba3 36. Rf2 Bd6+ 37. Kf5 Rxf2+ 38. Nxf2 Kc6 39. h4 Kd5
40. h5 b5 41. Ng4 Bf8 42. Kg6 Ke6 43. f7 c5 44. c4 b4 45. Nf6 Ke7 46. Nh7 Ke6
47. Nxf8+ 1-0

[Event "Titled Tuesday 23rd Mar"]
[Site "chess.com INT"]
[Date "2021.03.23"]
[Round "8"]
[White "Cagara, P."]
[Black "Viskelis, D."]
[Result "0-1"]
[WhiteElo "2027"]
[BlackElo "2223"]
[PlyCount "62"]
[EventDate "2021.03.23"]
[SourceTitle "The Week in Chess 1377"]
[Source "Mark Crowther"]
[SourceDate "2021.03.29"]
[SourceVersion "1"]
[SourceVersionDate "2021.03.29"]
[SourceQuality "2"]

1. e4 e5 2. Nf3 Nc6 3. c3 Nf6 4. d4 Nxe4 5. d5 Nb8 6. Nxe5 Bc5 7. Nd3 O-O 8.
Nxc5 Nxc5 9. Be2 d6 10. O-O Bf5 11. Be3 Nbd7 12. c4 a5 13. Nc3 Re8 14. b3 Qf6
15. Nb5 Rac8 16. Bd4 Qg6 17. Bf3 Ne5 18. Bh5 Qh6 19. Be3 Qf6 20. Qd2 h6 21.
Qxa5 b6 22. Qd2 Ng4 23. Bxg4 Bxg4 24. Na7 Ra8 25. Nc6 Nxb3 26. Qd3 Nxa1 27. Bd4
Be2 28. Qg3 Qg6 29. Rxa1 Bxc4 30. Qf3 Rxa2 31. Rxa2 Re1# 0-1

[Event "PNWCC Online Blitz JP 22"]
[Site "chess.com INT"]
[Date "2021.03.21"]
[Round "9"]
[White "Rasulov, Vu"]
[Black "Indjic, A."]
[Result "1/2-1/2"]
[WhiteElo "2478"]
[BlackElo "2607"]
[PlyCount "155"]
[EventDate "2021.03.21"]
[EventType "blitz"]
[SourceTitle "The Week in Chess 1376"]
[Source "Mark Crowther"]
[SourceDate "2021.03.22"]
[SourceVersion "1"]
[SourceVersionDate "2021.03.22"]
[SourceQuality "2"]

1. e4 e5 2. Nf3 Nc6 3. c3 Nf6 4. d4 Nxe4 5. d5 Bc5 6. dxc6 Bxf2+ 7. Ke2 O-O 8.
Nbd2 Nxd2 9. Kxf2 Ne4+ 10. Ke1 bxc6 11. Bd3 Nc5 12. Bc2 e4 13. Bg5 Qe8 14. Nd4
Ba6 15. Kd2 Qe5 16. Be3 Rab8 17. b4 Nd3 18. Bxd3 Bxd3 19. Qg4 f5 20. Qf4 Qd5
21. Nb3 d6 22. Ke1 a5 23. h4 axb4 24. cxb4 Rxb4 25. Rh3 c5 26. Rg3 c4 27. Nd4
c5 28. Qg5 Rb7 29. Ne2 c3 30. Rc1 c2 31. Nf4 Qe5 32. Kf2 Qf6 33. Qxf6 Rxf6 34.
Ke1 Rf8 35. Kd2 c4 36. Nd5 Ra8 37. Nc3 Rd7 38. h5 d5 39. Bd4 h6 40. Rg6 Kh7 41.
g3 e3+ 42. Bxe3 f4 43. gxf4 d4 44. Rc6 dxe3+ 45. Kxe3 Re8+ 46. Kf2 Bf5 47. Rxc4
Rd2+ 48. Kf3 Rd3+ 49. Kf2 Ree3 50. Rxc2 Rf3+ 51. Ke1 Rde3+ 52. Kd2 Bxc2 53.
Kxc2 Rh3 54. Rc5 Ref3 55. a4 Rxf4 56. a5 Rf6 57. Kb3 Rhf3 58. Kb4 R3f5 59. Rxf5
Rxf5 60. a6 g6 61. hxg6+ Kxg6 62. a7 Rf8 63. Kc5 h5 64. Nd5 h4 65. Nf4+ Kh6 66.
Kb6 Ra8 67. Kb7 Rxa7+ 68. Kxa7 Kg5 69. Nh3+ Kg4 70. Nf2+ Kg3 71. Ne4+ Kf3 72.
Ng5+ Kg4 73. Ne4 Kf4 74. Nf2 Kg3 75. Ne4+ Kg4 76. Kb6 h3 77. Nf2+ Kg3 78. Nxh3
1/2-1/2

[Event "PNWCC Online Blitz JP 22"]
[Site "chess.com INT"]
[Date "2021.03.21"]
[Round "1"]
[White "Jobava, Ba"]
[Black "Estrada Nieto, J."]
[Result "1-0"]
[WhiteElo "2603"]
[BlackElo "2280"]
[PlyCount "89"]
[EventDate "2021.03.21"]
[EventType "blitz"]
[SourceTitle "The Week in Chess 1376"]
[Source "Mark Crowther"]
[SourceDate "2021.03.22"]
[SourceVersion "1"]
[SourceVersionDate "2021.03.22"]
[SourceQuality "2"]

1. e4 e5 2. Nf3 Nc6 3. c3 Nf6 4. d3 d5 5. Qc2 a5 6. a4 Bc5 7. Be2 h6 8. O-O O-O
9. h3 Re8 10. Re1 Be6 11. Na3 Qd7 12. Nb5 Bb6 13. Bf1 Rad8 14. Be3 Nh5 15. Bxb6
cxb6 16. Rad1 Nf4 17. Qc1 dxe4 18. dxe4 Qe7 19. Qe3 Qc5 20. Nc7 Bb3 21. Ra1 Re7
22. Nb5 Red7 23. Ra3 Be6 24. Qxc5 bxc5 25. Raa1 Bb3 26. Ra3 Be6 27. Rb1 c4 28.
Raa1 Nd3 29. Na3 Rc8 30. Nc2 f6 31. Ne3 Ne7 32. Ne1 Nc5 33. Nxc4 Nb3 34. Nb6
Bc4 35. Bxc4+ Rxc4 36. Nxc4 Nxa1 37. Rxa1 Nc6 38. Kf1 Kf7 39. Ke2 Ke6 40. Rd1
Rxd1 41. Kxd1 Nd8 42. Nxa5 Nf7 43. Nxb7 Kd7 44. Nd3 Kc6 45. Ndc5 1-0

[Event "ch-POL Junior U18"]
[Site "Szklarska Poreba POL"]
[Date "2021.03.19"]
[Round "7.10"]
[White "Kozlowski, Pawel"]
[Black "Gorkiewicz, Mateusz"]
[Result "0-1"]
[WhiteElo "2029"]
[BlackElo "2030"]
[PlyCount "126"]
[EventDate "2021.03.13"]
[SourceTitle "The Week in Chess 1376"]
[Source "Mark Crowther"]
[SourceDate "2021.03.22"]
[SourceVersion "1"]
[SourceVersionDate "2021.03.22"]
[SourceQuality "2"]

1. e4 e5 2. Nf3 Nc6 3. c3 d5 4. Qa4 f6 5. Bb5 Nge7 6. exd5 Qxd5 7. d4 Bg4 8. c4
Qe4+ 9. Be3 Bxf3 10. Nd2 Qg6 11. gxf3 exd4 12. Bxd4 a6 13. O-O-O O-O-O 14. Be3
Nb8 15. Ne4 Rxd1+ 16. Rxd1 Nec6 17. Bxc6 Nxc6 18. c5 Be7 19. Qc4 Qf5 20. Qf7
Rd8 21. Rxd8+ Bxd8 22. Qxg7 Qxf3 23. Qxh7 Ne5 24. Nd2 Qd5 25. Nb3 Nd3+ 26. Kb1
a5 27. Nc1 Nxc5 28. h4 f5 29. h5 Qe4+ 30. Ka1 Nd3 31. Qh6 Ne1 32. a3 Nc2+ 33.
Ka2 Nxe3 34. fxe3 Qe5 35. Qg6 Kd7 36. Qf7+ Kd6 37. Nb3 Bf6 38. Qf8+ Kd7 39.
Qf7+ Kd6 40. Qf8+ Kd5 41. Qc5+ Ke4 42. Qc1 b6 43. h6 c5 44. Kb1 Kd5 45. Qd2+
Ke6 46. Qg2 Kd6 47. Ka1 Qxe3 48. Qg6 Qe5 49. Qg2 a4 50. Nc1 Qe3 51. Qh2+ Be5
52. Qc2 Qxh6 53. Nd3 Qh1+ 54. Ka2 Qe4 55. Qd2 Qd5+ 56. Kb1 f4 57. Qc2 Qe4 58.
Qd2 c4 59. Qb4+ Ke6 60. Qxb6+ Kf5 61. Qh6 Qxd3+ 62. Kc1 Bxb2+ 63. Kxb2 c3+ 0-1

[Event "Titled Tuesday 16th Mar"]
[Site "chess.com INT"]
[Date "2021.03.16"]
[Round "7"]
[White "Terry, R."]
[Black "Shahade, G."]
[Result "1-0"]
[WhiteElo "2504"]
[BlackElo "2476"]
[PlyCount "129"]
[EventDate "2021.03.16"]
[SourceTitle "The Week in Chess 1376"]
[Source "Mark Crowther"]
[SourceDate "2021.03.22"]
[SourceVersion "1"]
[SourceVersionDate "2021.03.22"]
[SourceQuality "2"]

1. e4 e5 2. Nf3 Nc6 3. c3 d5 4. Qa4 f6 5. Bb5 Nge7 6. exd5 Qxd5 7. d4 Bd7 8.
O-O e4 9. Nfd2 a6 10. Bc4 Qh5 11. Qd1 Qxd1 12. Rxd1 f5 13. Nb3 Ng6 14. N1d2
O-O-O 15. Nf1 Bd6 16. Ng3 Rde8 17. Re1 Rhf8 18. Nh5 f4 19. Nd2 Bg4 20. Nxg7 Re7
21. h3 Bd7 22. Ne6 Bxe6 23. Bxe6+ Rxe6 24. d5 Re7 25. dxc6 Rfe8 26. cxb7+ Kxb7
27. Nc4 Bc5 28. b4 Ba7 29. Na5+ Ka8 30. Nc6 Rd7 31. a4 Rd3 32. c4 Re6 33. Nxa7
Kxa7 34. b5 e3 35. Ra3 Rxa3 36. Bxa3 Kb7 37. c5 Re4 38. fxe3 fxe3 39. Bc1 e2
40. Kf2 Ne5 41. Bd2 Nd3+ 42. Kf3 Nxe1+ 43. Kxe4 Nc2 44. g4 e1=Q+ 45. Bxe1 Nxe1
46. h4 Nc2 47. g5 axb5 48. axb5 c6 49. h5 Nb4 50. g6 hxg6 51. h6 Nd5 52. Ke5
Ne7 53. h7 g5 54. Kf6 Nd5+ 55. Kxg5 cxb5 56. h8=Q Kc6 57. Qf8 b4 58. Qd6+ Kb5
59. Qxd5 Ka4 60. c6 b3 61. c7 b2 62. Qa2+ Kb5 63. Qxb2+ Ka6 64. c8=Q+ Ka5 65.
Qa8# 1-0

[Event "ch-POL Junior U18"]
[Site "Szklarska Poreba POL"]
[Date "2021.03.15"]
[Round "3.16"]
[White "Kozlowski, Pawel"]
[Black "Bujalski, Mateusz"]
[Result "1-0"]
[WhiteElo "2029"]
[BlackElo "1897"]
[PlyCount "57"]
[EventDate "2021.03.13"]
[SourceTitle "The Week in Chess 1376"]
[Source "Mark Crowther"]
[SourceDate "2021.03.22"]
[SourceVersion "1"]
[SourceVersionDate "2021.03.22"]
[SourceQuality "2"]

1. e4 e5 2. Nf3 Nc6 3. c3 d5 4. Qa4 f6 5. Bb5 Nge7 6. exd5 Qxd5 7. d4 Bd7 8.
O-O e4 9. Nfd2 f5 10. Nb3 Nc8 11. c4 Qf7 12. c5 N8e7 13. Nc3 a6 14. Bf4 O-O-O
15. Bxa6 Nb8 16. Bb5 Bxb5 17. Nxb5 Na6 18. Bxc7 Nd5 19. Bxd8 Kxd8 20. Rac1 Nf4
21. Qa5+ Ke8 22. Qd2 g5 23. Nd6+ Bxd6 24. cxd6 Qd5 25. Qe3 Kd7 26. Nc5+ Nxc5
27. Rxc5 Qxd4 28. Rc7+ Kd8 29. Qa3 1-0

[Event "1st FIDE World Uni BlitzB"]
[Site "Tornelo INT"]
[Date "2021.03.13"]
[Round "9.58"]
[White "Carlier, Nathan"]
[Black "Avikshith, I."]
[Result "1-0"]
[WhiteElo "1725"]
[BlackElo "1230"]
[PlyCount "127"]
[EventDate "2021.03.13"]
[EventType "blitz"]
[SourceTitle "The Week in Chess 1375"]
[Source "Mark Crowther"]
[SourceDate "2021.03.15"]
[SourceVersion "1"]
[SourceVersionDate "2021.03.15"]
[SourceQuality "2"]

1. e4 e5 2. Nf3 Nc6 3. c3 Nf6 4. d4 d6 5. h3 exd4 6. cxd4 Be7 7. Be2 a6 8. Be3
Nxe4 9. d5 Ne5 10. Qa4+ Bd7 11. Qxe4 O-O 12. Nxe5 dxe5 13. Nc3 Bd6 14. O-O Qc8
15. Bd3 f5 16. Qc4 f4 17. Bc5 Bxh3 18. Bxd6 Rf6 19. Bb4 Bxg2 20. Ne4 Bxe4 21.
Qxe4 Qg4+ 22. Qg2 Qh5 23. Qh2 Qg5+ 24. Qg2 Qxg2+ 25. Kxg2 f3+ 26. Kh2 Rh6+ 27.
Kg3 Rf8 28. Bxf8 Kxf8 29. Kxf3 Rf6+ 30. Ke2 Rd6 31. Be4 Kf7 32. Rac1 Rd7 33.
Bxh7 g6 34. Rg1 Rxd5 35. Rxc7+ Ke6 36. Rxg6+ Kf5 37. Rd6+ Kf4 38. Rxd5 e4 39.
Rf7+ Kg4 40. Rdf5 Kh4 41. Bg8 Kg4 42. R5f6 Kg5 43. Rxb7 e3 44. Rfb6 exf2 45.
Kxf2 a5 46. Bd5 Kf5 47. Rf7+ Ke5 48. Bb3 a4 49. Rb5+ Kd6 50. Rf6+ Ke7 51. Rf7+
Kd6 52. Bxa4 Kc6 53. Re5+ Kd6 54. Ree7 Kc5 55. Rf6 Kb4 56. Re4+ Kc5 57. Re5+
Kd4 58. Rff5 Kc4 59. Rf4+ Kd3 60. Re3+ Kd2 61. Kf3 Kc1 62. Re2 Kb1 63. Rh4 Kc1
64. Rh1# 1-0

[Event "Cappelle Online Blitz"]
[Site "Europe-Echecs INT"]
[Date "2021.03.07"]
[Round "9"]
[White "Staune, Jean"]
[Black "Allays, Christian"]
[Result "1-0"]
[WhiteElo "1719"]
[BlackElo "1330"]
[PlyCount "47"]
[EventDate "2021.03.07"]
[EventType "blitz"]
[SourceTitle "The Week in Chess 1374"]
[Source "Mark Crowther"]
[SourceDate "2021.03.08"]
[SourceVersion "2"]
[SourceVersionDate "2021.03.09"]
[SourceQuality "2"]

1. e4 e5 2. Nf3 Nc6 3. c3 Nf6 4. d4 exd4 5. e5 Ng8 6. cxd4 Bb4+ 7. Bd2 Bxd2+ 8.
Nbxd2 d6 9. exd6 Qxd6 10. Nb3 Bg4 11. Be2 O-O-O 12. O-O Nf6 13. Rc1 h5 14. h3
Bf5 15. Qd2 Ne4 16. Qe3 Rde8 17. Ng5 Nxg5 18. Qxg5 Bg6 19. Bf3 Nxd4 20. Nxd4
Qxd4 21. Qb5 Be4 22. Rfd1 Qf6 23. Qc4 Bxf3 24. Qxc7# 1-0

[Event "Cappelle Online Blitz"]
[Site "Europe-Echecs INT"]
[Date "2021.03.07"]
[Round "3"]
[White "Staune, Jean"]
[Black "Dubuisson, Samuel"]
[Result "0-1"]
[WhiteElo "1719"]
[BlackElo "2044"]
[PlyCount "122"]
[EventDate "2021.03.07"]
[EventType "blitz"]
[SourceTitle "The Week in Chess 1374"]
[Source "Mark Crowther"]
[SourceDate "2021.03.08"]
[SourceVersion "2"]
[SourceVersionDate "2021.03.09"]
[SourceQuality "2"]

1. e4 e5 2. Nf3 Nc6 3. c3 d5 4. exd5 Qxd5 5. c4 Qd8 6. Be2 Nf6 7. d3 Bc5 8. O-O
h6 9. Be3 Nd4 10. Nxd4 Bxd4 11. Bxd4 Qxd4 12. Qc2 Bf5 13. Nc3 c6 14. Rad1 O-O
15. h3 Rad8 16. Rd2 e4 17. Rfd1 e3 18. fxe3 Qxe3+ 19. Kh1 Rfe8 20. Bf3 Bxh3 21.
Re2 Qf4 22. Rxe8+ Rxe8 23. Qf2 Bg4 24. d4 Re3 25. Ne2 Rxf3 26. gxf3 Qxf3+ 27.
Qxf3 Bxf3+ 28. Kg1 Bxe2 29. Rc1 g5 30. Kf2 Bg4 31. b3 Be6 32. Ke3 Kg7 33. Rd1
Kg6 34. a3 Ng4+ 35. Kd2 f5 36. Kc3 f4 37. d5 cxd5 38. cxd5 Bd7 39. d6 f3 40.
Kd3 Kf5 41. Rf1 Kf4 42. Kd2 Nh2 43. Rf2 Kg3 44. Ke1 Ng4 45. Rd2 f2+ 46. Rxf2
Nxf2 47. Kd2 Ne4+ 48. Kd3 Nxd6 49. Kd4 h5 50. Kd5 Nf5 51. Ke5 Kg4 52. b4 h4 53.
a4 Bxa4 54. b5 Bxb5 55. Ke4 h3 56. Kd5 h2 57. Kc5 h1=Q 58. Kxb5 Qc6+ 59. Ka5
Qb6+ 60. Ka4 Nd4 61. Ka3 Qb3# 0-1

[Event "OP-05114"]
[Site "LSS"]
[Date "2021.03.07"]
[Round "?"]
[White "Guerin, Bernard"]
[Black "Martin, Simone"]
[Result "0-1"]
[WhiteElo "800"]
[BlackElo "800"]
[PlyCount "30"]
[EventDate "2021.03.05"]

1. e4 e5 2. Nf3 Nc6 3. c3 d5 4. Qe2 dxe4 5. Qxe4 Nf6 6. Qe3 Nd5 7. Qd3 g6 8.
Qe4 Bf5 9. Qe2 Nf4 10. Qc4 Nd3+ 11. Bxd3 Bxd3 12. Qa4 b5 13. Qd1 Qd5 14. b3
Qe4+ 15. Qe2 Qxe2# 0-1

[Event "Cappelle Online Bullet"]
[Site "Europe-Echecs INT"]
[Date "2021.03.05"]
[Round "6"]
[White "Staune, Jean"]
[Black "Roumegous, Adrien"]
[Result "1-0"]
[WhiteElo "1719"]
[BlackElo "1330"]
[PlyCount "83"]
[EventDate "2021.03.05"]
[SourceTitle "The Week in Chess 1374"]
[Source "Mark Crowther"]
[SourceDate "2021.03.08"]
[SourceVersion "2"]
[SourceVersionDate "2021.03.09"]
[SourceQuality "2"]

1. e4 e5 2. Nf3 Nc6 3. c3 d5 4. exd5 Qxd5 5. c4 Qd8 6. d3 Nf6 7. Be2 Bc5 8. O-O
O-O 9. h3 Be6 10. Be3 Bxe3 11. fxe3 e4 12. dxe4 Qxd1 13. Rxd1 Nxe4 14. b3 Ng3
15. Kf2 Nxe2 16. Kxe2 Rad8 17. Nc3 f6 18. Ne4 Ne7 19. Nc5 Bc8 20. Re1 a6 21.
Nd4 b6 22. Nce6 Bxe6 23. Nxe6 Kf7 24. Nxf8 Rxf8 25. Red1 Kg6 26. Rd7 Re8 27.
Rxc7 Nf5 28. Rd1 Rxe3+ 29. Kf1 Ng3+ 30. Kg1 Ne2+ 31. Kh2 Re5 32. Rdd7 Nf4 33.
Rxg7+ Kf5 34. Rxh7 Ne2 35. Rh5+ Ke4 36. Rxe5+ Kxe5 37. Rc6 f5 38. Rxb6 Ke4 39.
Rxa6 Kd3 40. Rf6 Kd2 41. Rxf5 Ke1 42. h4 1-0

[Event "Cappelle Online Bullet"]
[Site "Europe-Echecs INT"]
[Date "2021.03.05"]
[Round "2"]
[White "Staune, Jean"]
[Black "Tokhirjonova, Gulrukhbegim"]
[Result "0-1"]
[WhiteElo "1719"]
[BlackElo "2362"]
[PlyCount "96"]
[EventDate "2021.03.05"]
[SourceTitle "The Week in Chess 1374"]
[Source "Mark Crowther"]
[SourceDate "2021.03.08"]
[SourceVersion "2"]
[SourceVersionDate "2021.03.09"]
[SourceQuality "2"]

1. e4 e5 2. Nf3 Nc6 3. c3 d5 4. exd5 Qxd5 5. c4 Qd8 6. d3 Nf6 7. Be2 Be7 8. O-O
O-O 9. Nc3 Bf5 10. Be3 a6 11. Qc2 Qd7 12. Rad1 Rad8 13. b3 h6 14. Qb1 Bh7 15.
Qb2 Rfe8 16. d4 exd4 17. Nxd4 Nxd4 18. Bxd4 Qc8 19. Bxf6 Bxf6 20. Qc1 Bxc3 21.
Qxc3 Rxe2 22. Rfe1 Rxe1+ 23. Rxe1 Re8 24. Rxe8+ Qxe8 25. h3 Qe4 26. Qg3 Qe7 27.
Qf3 Be4 28. Qg3 c6 29. Qc3 Bf5 30. Qa5 Be6 31. Qb6 g6 32. Qa7 Kg7 33. Qb8 h5
34. Qe5+ Qf6 35. Qg3 Qf5 36. Qe3 Qb1+ 37. Kh2 Qxa2 38. g3 Qb2 39. Kg2 Qf6 40.
Kh2 b5 41. Qc5 bxc4 42. bxc4 a5 43. Qxc6 Qxf2+ 44. Kh1 Qxg3 45. Qc5 Qxh3+ 46.
Kg1 Qg4+ 47. Kf1 Qxc4+ 48. Ke1 Qxc5 0-1

[Event "Cappelle Online Bullet"]
[Site "Europe-Echecs INT"]
[Date "2021.03.05"]
[Round "2"]
[White "Shevchenko, Kirill"]
[Black "Eden, J."]
[Result "1/2-1/2"]
[WhiteElo "2599"]
[BlackElo "2294"]
[PlyCount "137"]
[EventDate "2021.03.05"]
[SourceTitle "The Week in Chess 1374"]
[Source "Mark Crowther"]
[SourceDate "2021.03.08"]
[SourceVersion "2"]
[SourceVersionDate "2021.03.09"]
[SourceQuality "2"]

1. e4 e5 2. Nf3 Nc6 3. c3 d5 4. Qa4 f6 5. exd5 Qxd5 6. Bc4 Qd8 7. d4 exd4 8.
O-O Bd6 9. Re1+ Nge7 10. Nxd4 Bd7 11. Qb3 Nxd4 12. cxd4 Rb8 13. Nc3 a6 14. a4
c6 15. a5 Qc7 16. Ne4 Bf4 17. Bxf4 Qxf4 18. Qg3 Qxg3 19. hxg3 Kd8 20. Nd6 Rf8
21. Nf7+ Ke8 22. Nd6+ Kd8 23. Ra3 Nf5 24. Nxf5 Bxf5 25. Rae3 Bg6 26. Re7 Re8
27. Rxe8+ Bxe8 28. d5 cxd5 29. Bxd5 Bc6 30. Bg8 h6 31. Bc4 Kd7 32. f3 Re8 33.
Kf2 Rxe1 34. Kxe1 Kd6 35. b4 Ke5 36. Kd2 Kd4 37. Bd3 Bb5 38. Be4 Kc4 39. Bxb7
Kxb4 40. g4 Kxa5 41. Kc3 Kb6 42. Be4 a5 43. Bg6 Kc5 44. f4 a4 45. g5 fxg5 46.
fxg5 hxg5 47. Bf5 Kd5 48. g3 Ke5 49. Bg4 Ke4 50. Kb4 Ke3 51. Kxb5 Kf2 52. Kxa4
Kxg3 53. Be6 Kf4 54. Kb5 g4 55. Bd5 g3 56. Kc4 Ke3 57. Bg2 Kf2 58. Bh3 g2 59.
Bxg2 Kxg2 60. Kd5 g5 61. Ke5 g4 62. Kf5 g3 63. Kf4 Kf2 64. Kg5 g2 65. Kf5 g1=Q
66. Ke5 Qg3+ 67. Ke6 Qf3 68. Kd6 Qe3 69. Kd7 1/2-1/2

[Event "Titled Tuesday 2nd Mar"]
[Site "chess.com INT"]
[Date "2021.03.02"]
[Round "2"]
[White "Cagara, P."]
[Black "Can, Melih Kaan"]
[Result "1/2-1/2"]
[WhiteElo "2027"]
[BlackElo "2105"]
[PlyCount "199"]
[EventDate "2021.03.02"]
[SourceTitle "The Week in Chess 1374"]
[Source "Mark Crowther"]
[SourceDate "2021.03.08"]
[SourceVersion "2"]
[SourceVersionDate "2021.03.09"]
[SourceQuality "2"]

1. e4 e5 2. Nf3 Nc6 3. c3 d5 4. Qa4 f6 5. d3 Be6 6. Be3 Nge7 7. Be2 Ng6 8. O-O
Be7 9. b4 a6 10. b5 axb5 11. Qxb5 dxe4 12. dxe4 Qc8 13. Bc4 Bxc4 14. Qxc4 Na5
15. Qb5+ c6 16. Qe2 O-O 17. h4 b5 18. h5 Nf4 19. Bxf4 exf4 20. Nbd2 Qg4 21. e5
Qxh5 22. exf6 Bxf6 23. Ne4 Rae8 24. Qd3 Nc4 25. Rae1 Be5 26. Qd7 Qg6 27. Neg5
Bxc3 28. Rxe8 Rxe8 29. Nh4 Qh5 30. Nf5 Rf8 31. Ne7+ Kh8 32. Ne6 Qe8 33. Nxf8
Qxf8 34. Nxc6 h6 35. Rd1 Qf6 36. Qd8+ Qxd8 37. Rxd8+ Kh7 38. Ne7 Bf6 39. Rd7
Ne5 40. Ra7 Nd3 41. Nd5 Bd4 42. Kf1 Bxa7 43. a3 Bc5 44. Nc7 b4 45. axb4 Bxb4
46. Ne6 g5 47. g3 fxg3 48. fxg3 Ne5 49. Kg2 Bd6 50. Kh3 Kg6 51. Nd4 h5 52. Ne2
g4+ 53. Kg2 Nf3 54. Nc3 Kf5 55. Nd5 Be5 56. Ne3+ Kg5 57. Nd5 Bd4 58. Nf4 Be3
59. Ne6+ Kf5 60. Ng7+ Kg6 61. Ne6 Bg5 62. Kf2 Kf5 63. Ng7+ Ke4 64. Nxh5 Be3+
65. Kg2 Nd2 66. Nf6+ Kf5 67. Nxg4 Kxg4 68. Kh2 Bf2 69. Kg2 Bxg3 70. Kh1 Kf3 71.
Kg1 Ne4 72. Kh1 Nf2+ 73. Kg1 Bf4 74. Kf1 Bh2 75. Ke1 Ne4 76. Kf1 Ke3 77. Kg2
Bf4 78. Kh3 Kf3 79. Kh4 Ng3 80. Kh3 Be3 81. Kh2 Bd4 82. Kh3 Bg1 83. Kh4 Ne4 84.
Kh3 Ng5+ 85. Kh4 Kf4 86. Kh5 Bd4 87. Kg6 Kg4 88. Kh6 Be5 89. Kg6 Bd4 90. Kh6
Ne6 91. Kg6 Nf4+ 92. Kf7 Be5 93. Ke8 Kf5 94. Kd7 Nd5 95. Kc6 Ke6 96. Kc5 Bd6+
97. Kc4 Nf4 98. Kd4 Be5+ 99. Ke4 Nd5 100. Kd3 1/2-1/2

[Event "Titled Tuesday 23rd Feb"]
[Site "chess.com INT"]
[Date "2021.02.23"]
[Round "8"]
[White "Abrashkin, B."]
[Black "Vifleemskaia, S."]
[Result "1-0"]
[WhiteElo "2407"]
[BlackElo "1926"]
[PlyCount "113"]
[EventDate "2021.02.23"]
[SourceTitle "The Week in Chess 1373"]
[Source "Mark Crowther"]
[SourceDate "2021.03.01"]
[SourceVersion "1"]
[SourceVersionDate "2021.03.01"]
[SourceQuality "2"]

1. e4 e5 2. Nf3 Nc6 3. c3 d5 4. Qa4 f6 5. d3 Be6 6. Be2 a6 7. O-O b5 8. Qc2 Bc5
9. b4 Bb6 10. a4 Nge7 11. axb5 axb5 12. Rxa8 Qxa8 13. Na3 Qa4 14. Qb1 O-O 15.
d4 exd4 16. Bxb5 Qa7 17. Bxc6 Nxc6 18. Nb5 Qa4 19. Nbxd4 Nxd4 20. Nxd4 Bxd4 21.
cxd4 dxe4 22. Qxe4 Bc4 23. Re1 Qxb4 24. h4 c6 25. Bf4 Bd5 26. Qe3 Qb3 27. Qe7
Rf7 28. Qd8+ Rf8 29. Re8 Qb1+ 30. Kh2 Qb4 31. Bd6 Qxd6+ 32. Qxd6 Rxe8 33. f3
Kf7 34. Kg3 Re6 35. Qc7+ Re7 36. Qb8 h6 37. h5 Rd7 38. Qc8 Ke7 39. Kf4 Kd6 40.
Qf8+ Kc7 41. Kf5 Rf7 42. Qe8 Rd7 43. Kg6 Kd6 44. Qf8+ Kc7 45. Kh7 Rf7 46. Qe8
Rd7 47. Kg6 Kd6 48. Qf8+ Kc7 49. Kf5 Rf7 50. Qe8 Rd7 51. Kf4 Rf7 52. g4 Rd7 53.
Qe3 Kd6 54. Kf5 Re7 55. Qa3+ Kd7 56. Kg6 Be6 57. f4 1-0

[Event "Carnevale Master Open"]
[Site "Bassano del Grappa ITA"]
[Date "2021.02.14"]
[Round "5.5"]
[White "Droin, Augustin"]
[Black "Urh, Zala"]
[Result "0-1"]
[WhiteElo "2289"]
[BlackElo "2145"]
[PlyCount "64"]
[EventDate "2021.02.12"]
[EventType "tourn"]
[SourceTitle "The Week in Chess 1371"]
[Source "Mark Crowther"]
[SourceDate "2021.02.15"]
[SourceVersion "2"]
[SourceVersionDate "2021.02.15"]
[SourceQuality "2"]

1. e4 e5 2. Nf3 Nc6 3. c3 Nf6 4. d4 exd4 5. e5 Nd5 6. cxd4 d6 7. Bg5 Be7 8.
Bxe7 Qxe7 9. Bc4 Nb6 10. Bb5 Bd7 11. O-O O-O 12. Re1 Rfe8 13. Nc3 Rad8 14. Bxc6
Bxc6 15. d5 Bd7 16. Qb3 Bg4 17. Nd2 dxe5 18. Nc4 Qg5 19. Nxb6 Bf3 20. g3 axb6
21. Qc4 Qf5 22. Re3 c6 23. dxc6 bxc6 24. Rae1 Re6 25. a4 Rd2 26. Qa6 h5 27.
Qxb6 e4 28. Qa6 h4 29. Qf1 hxg3 30. fxg3 Qh5 31. R1e2 Bxe2 32. Nxe2 Qc5 0-1

[Event "Titled Tuesday 9th Feb"]
[Site "chess.com INT"]
[Date "2021.02.09"]
[Round "9"]
[White "Terry, R."]
[Black "Khademalsharieh, S."]
[Result "1-0"]
[WhiteElo "2504"]
[BlackElo "2494"]
[PlyCount "59"]
[EventDate "2021.02.09"]
[SourceTitle "The Week in Chess 1371"]
[Source "Mark Crowther"]
[SourceDate "2021.02.15"]
[SourceVersion "2"]
[SourceVersionDate "2021.02.15"]
[SourceQuality "2"]

1. e4 e5 2. Nf3 Nc6 3. c3 d5 4. Qa4 f6 5. Bb5 Nge7 6. exd5 Qxd5 7. O-O Be6 8.
d4 e4 9. Nfd2 a6 10. Bc4 Qd7 11. Re1 Bxc4 12. Qxc4 f5 13. f3 exf3 14. Nxf3
O-O-O 15. Bg5 h6 16. Bxe7 Bxe7 17. Nbd2 g5 18. Qe6 g4 19. Qxd7+ Rxd7 20. Ne5
Nxe5 21. Rxe5 f4 22. Ne4 Rf8 23. Rf1 c6 24. Rh5 Rd5 25. Rxh6 Rb5 26. b4 a5 27.
a3 axb4 28. axb4 f3 29. Rh7 Bd8 30. Nd6+ 1-0

[Event "Titled Tuesday 9th Feb"]
[Site "chess.com INT"]
[Date "2021.02.09"]
[Round "7"]
[White "Terry, R."]
[Black "Rasulov, Vu"]
[Result "0-1"]
[WhiteElo "2504"]
[BlackElo "2478"]
[PlyCount "92"]
[EventDate "2021.02.09"]
[SourceTitle "The Week in Chess 1371"]
[Source "Mark Crowther"]
[SourceDate "2021.02.15"]
[SourceVersion "2"]
[SourceVersionDate "2021.02.15"]
[SourceQuality "2"]

1. e4 e5 2. Nf3 Nc6 3. c3 d5 4. Qa4 f6 5. d3 Be6 6. Nbd2 Nge7 7. Be2 Ng6 8. g3
Qd7 9. h4 Bd6 10. h5 Nge7 11. b4 O-O 12. Qc2 d4 13. a3 dxc3 14. Qxc3 a5 15. b5
Nd4 16. Nxd4 exd4 17. Qb2 a4 18. Rb1 Ra5 19. O-O Bc5 20. Nc4 Bxc4 21. dxc4 Nc8
22. Qd2 b6 23. Qd3 Nd6 24. Bd2 Raa8 25. Bb4 Nb7 26. Rfe1 Rae8 27. Bf3 Re5 28.
h6 g5 29. Bg2 g4 30. Bd2 Nd6 31. Bf4 Qe6 32. Rbc1 Nb7 33. f3 Na5 34. Bxe5 fxe5
35. Rf1 Qxh6 36. fxg4 Qe3+ 37. Qxe3 dxe3 38. Rxf8+ Kxf8 39. Kf1 Nb3 40. Rc2 Ke7
41. Rc3 Bd4 42. Rd3 Kd6 43. Bf3 Kc5 44. Be2 Nd2+ 45. Kg2 Nxe4 46. Kf3 Nc3 0-1